000 01100nam a2200229Ia 4500
003 Ost
005 20260507075012.0
008 260507s9999||||xx |||||||||||||| ||und||
040 _cfsecg
041 _aara
082 _a331.7
100 _aطاقة، محمد
_eمؤلف
245 0 _aاقتصاديات العمل /
_c محمد طاقة
260 _aعمان:
_bدار اثراء للنشر,
_c2008
300 _a245 صفحة؛
_bإيضاحات ؛
_c24 سم
504 _aمراجع ص.243
520 _aالتأصيل النظري و المفاهيمي لاقتصاد العمل و عرض العمل و الاحتكار في سوق العمل و نظرية اتخاذ قرار العمل و نظريات الاجور و الأسعار و الاستخدام الكامل و البطالة و إنتاجية العمل و اهم العوامل المؤثرة فيها و أخيرا السكان و تخطيط القوى العاملة.
653 _aالأجور
653 _aالعمل والعمال
700 _aعجلان، حسين حسن
_eمؤلف ثانوي
942 _cكتاب
999 _c42164
_d42164